Bisikan sukma, (Record no. 88638)
[ view plain ]
| 000 -LEADER | |
|---|---|
| fixed length control field | 00673cam a22002051 4500 |
| 001 - CONTROL NUMBER | |
| control field | sa 68018777 |
| 003 - CONTROL NUMBER IDENTIFIER | |
| control field | DLC |
| 005 - DATE AND TIME OF LATEST TRANSACTION | |
| control field | 20260227112714.0 |
| 008 - FIXED-LENGTH DATA ELEMENTS--GENERAL INFORMATION | |
| fixed length control field | 730321s1963 xx 000 0 ind |
| 010 ## - LIBRARY OF CONGRESS CONTROL NUMBER | |
| LC control number | sa 68018777 |
| 035 ## - SYSTEM CONTROL NUMBER | |
| System control number | (OCoLC)585448 |
| 040 ## - CATALOGING SOURCE | |
| Original cataloging agency | DLC |
| Transcribing agency | OAU |
| Modifying agency | DLC |
| 042 ## - AUTHENTICATION CODE | |
| Authentication code | premarc |
| 050 00 - LIBRARY OF CONGRESS CALL NUMBER | |
| Classification number | BJ1595 |
| Item number | .N28 |
| 100 1# - MAIN ENTRY--PERSONAL NAME | |
| Personal name | Nasroen, M. |
| 245 10 - TITLE STATEMENT | |
| Title | Bisikan sukma, |
| Statement of responsibility, etc. | oleh M. Nasroen. Prakata oleh H. A. Notosoetardjo. Disambut oleh A. Wahid Hasjim. |
| 260 ## - PUBLICATION, DISTRIBUTION, ETC. | |
| Place of publication, distribution, etc. | Djakarta, |
| Name of publisher, distributor, etc. | Penerbitan bersama: "Lembaga Penggali dan Penggali dan penghimpun Sedjarah Revolusi Indonesia" "Endang"-"Pemuda", |
| Date of publication, distribution, etc. | 1963. |
| 300 ## - PHYSICAL DESCRIPTION | |
| Extent | 44 p. |
| Dimensions | 23 cm. |
| 650 #0 - SUBJECT ADDED ENTRY--TOPICAL TERM | |
| Topical term or geographic name entry element | Conduct of life. |
No items available.